[Event "II Open B"]
[Site "Pedavena ITA"]
[Date "2006.08.01"]
[Round "1"]
[White "De Vettor, Maite"]
[Black "Giorgiutti, Jacopo"]
[Result "1-0"]
[WhiteElo "1500"]
[BlackElo "1413"]
[PlyCount "67"]
[EventDate "2006.08.01"]

1. e4 e5 2. Nf3 d5 3. exd5 e4 4. Qe2 Nf6 5. d3 Qxd5 6. dxe4 Qxe4 7. Nc3 Bb4 8.
Bd2 Qxe2+ 9. Bxe2 Nc6 10. O-O-O Bf5 11. h3 O-O-O 12. Bc4 Bg6 13. Ng5 Ne5 14.
Bb3 Rhe8 15. f4 Bxc3 16. Bxc3 Nc6 17. Nxf7 Rxd1+ 18. Rxd1 Nh5 19. Rf1 Ng3 20.
Rf3 Ne2+ 21. Kd2 Ncd4 22. Re3 Nxb3+ 23. Kxe2 Nc5 24. Kd2 Rxe3 25. Kxe3 Bxf7 26.
a3 Kd7 27. Bxg7 Bg6 28. Kd2 Na4 29. g4 Ke7 30. f5 Be8 31. c3 Kf7 32. Bd4 b6 33.
Kc2 Ke7 34. b3 {...} 1-0

[Event "II Open B"]
[Site "Pedavena ITA"]
[Date "2006.08.01"]
[Round "1"]
[White "Innocenti, Sandro"]
[Black "Busi, Piero"]
[Result "1-0"]
[WhiteElo "1488"]
[BlackElo "1335"]
[PlyCount "73"]
[EventDate "2006.08.01"]

1. e4 e5 2. Nf3 Nf6 3. Nxe5 d6 4. Nf3 Nxe4 5. d4 Nf6 6. Be2 Be7 7. O-O O-O 8.
c4 Bf5 9. Qb3 Qc8 10. Re1 b6 11. Nh4 Bxb1 12. Rxb1 Ne4 13. Bf3 c6 14. Rxe4 Re8
15. Bg4 Nd7 16. Nf5 Qd8 17. Nxe7+ Rxe7 18. Qe3 Rxe4 19. Qxe4 Nf6 20. Qf4 Nxg4
21. Qxg4 Qf6 22. Be3 c5 23. Qf3 Qxf3 24. gxf3 Rf8 25. dxc5 dxc5 26. Rd1 h6 27.
Rd7 a6 28. Rb7 b5 29. cxb5 axb5 30. Bxc5 Ra8 31. a3 b4 32. Rxb4 Rc8 33. Bd6 Rc6
34. Be5 Rc5 35. Bc3 Rg5+ 36. Rg4 Rxg4+ 37. fxg4 1-0

[Event "II Open B"]
[Site "Pedavena ITA"]
[Date "2006.08.01"]
[Round "1"]
[White "Merciari, Moreno"]
[Black "Vigliaroli, Matteo"]
[Result "1-0"]
[WhiteElo "1766"]
[BlackElo "1463"]
[PlyCount "20"]
[EventDate "2006.08.01"]

1. e4 c5 2. f4 d6 3. Bb5+ Bd7 4. Bxd7+ Nxd7 5. Nf3 g6 6. d3 Bg7 7. Nc3 e6 8.
O-O Ne7 9. Qe1 Nc6 10. f5 10... Nd4 {phone default} 1-0

[Event "II Open B"]
[Site "Pedavena ITA"]
[Date "2006.08.01"]
[Round "1"]
[White "Pavei, Deborah"]
[Black "Scian, Nicola"]
[Result "0-1"]
[WhiteElo "1395"]
[BlackElo "1524"]
[PlyCount "66"]
[EventDate "2006.08.01"]

1. e4 e5 2. Nf3 Nc6 3. d4 exd4 4. Nxd4 Bc5 5. Nf3 d6 6. Bc4 Nf6 7. Nc3 h6 8.
O-O O-O 9. a3 Bg4 10. Qd3 a6 11. Bb3 Re8 12. Na4 Rxe4 13. Nxc5 dxc5 14. Nd2
Qxd3 15. cxd3 Re7 16. f3 Bh5 17. Ne4 Nxe4 18. fxe4 Be2 19. Rf4 Nd4 20. Bxf7+
Rxf7 21. Rxf7 Kxf7 22. Be3 Nc2 23. Rc1 Nxe3 24. Re1 Bxd3 25. Rxe3 c4 26. b3 b5
27. bxc4 bxc4 28. e5 Ke6 29. Kf2 Rf8+ 30. Ke1 Rf1+ 31. Kd2 Rf2+ 32. Kc3 c5 33.
g4 Rc2# 0-1

[Event "II Open B"]
[Site "Pedavena ITA"]
[Date "2006.08.01"]
[Round "1"]
[White "Puricelli, Roberto"]
[Black "Londero, Marco"]
[Result "1/2-1/2"]
[WhiteElo "1389"]
[BlackElo "1514"]
[PlyCount "80"]
[EventDate "2006.08.01"]

1. d4 Nf6 2. c4 g6 3. Nc3 Bg7 4. h3 d6 5. Bf4 O-O 6. Nf3 Nbd7 7. e3 Re8 8. Be2
e5 9. dxe5 dxe5 10. Nxe5 Nxe5 11. Qxd8 Rxd8 12. Bxe5 c6 13. O-O Be6 14. Rad1
Rac8 15. b3 Bf5 16. Rxd8+ Rxd8 17. Rd1 Rxd1+ 18. Bxd1 Kf8 19. g4 Be6 20. Bc2 h6
21. Bxf6 Bxf6 22. Ne4 Be7 23. Ng3 Ke8 24. f4 Bd7 25. e4 Bc5+ 26. Kg2 b5 27.
cxb5 cxb5 28. e5 a5 29. Kf3 a4 30. bxa4 bxa4 31. Ke2 a3 32. Ne4 Bf8 33. Nf6+
Kd8 34. Nxd7 Kxd7 35. Ke3 Bc5+ 36. Kd3 g5 37. fxg5 hxg5 38. Ke4 Ke7 39. Kf5 Ke8
40. Bb3 Kf8 1/2-1/2

[Event "II Open B"]
[Site "Pedavena ITA"]
[Date "2006.08.01"]
[Round "1"]
[White "Reginato, Sabrina"]
[Black "Ferlini, Claudio"]
[Result "1-0"]
[WhiteElo "1517"]
[BlackElo "1389"]
[PlyCount "73"]
[EventDate "2006.08.01"]

1. e4 e6 2. d4 d5 3. Nd2 Nf6 4. e5 Nfd7 5. Bd3 c5 6. Ngf3 cxd4 7. Qe2 Nc6 8.
Nb3 Qc7 9. Bb5 Bb4+ 10. Bd2 Bxd2+ 11. Nbxd2 O-O 12. Bxc6 bxc6 13. Nxd4 Nxe5 14.
O-O c5 15. Nb5 Qb8 16. Nc3 Ng6 17. Rab1 Qc7 18. Rfd1 Re8 19. Nb3 Qc6 20. Qb5
Bb7 21. Nxc5 Qxb5 22. Nxb5 Re7 23. h3 a6 24. Nd4 Rc8 25. Ncb3 f6 26. c3 e5 27.
Nf5 Rd7 28. Rd2 Rcc7 29. Rbd1 Nf4 30. Ne3 Kf7 31. Kh2 Ke6 32. Re1 Ng6 33. Red1
Ne7 34. Re1 g6 35. f4 e4 36. Red1 f5 37. Nd4+ 1-0

[Event "II Open B"]
[Site "Pedavena ITA"]
[Date "2006.08.01"]
[Round "1"]
[White "Tavecchia, Mario"]
[Black "Endrizzi, Matteo"]
[Result "1-0"]
[WhiteElo "1724"]
[BlackElo "1446"]
[PlyCount "113"]
[EventDate "2006.08.01"]

1. d4 d5 2. Nc3 Nf6 3. Bg5 Nbd7 4. e3 e6 5. a3 Be7 6. Bd3 h6 7. Bh4 b6 8. Nf3
Bb7 9. O-O c5 10. Re1 c4 11. Bf1 Bd6 12. Bg3 Bxg3 13. hxg3 O-O 14. Nd2 Ne8 15.
e4 Ndf6 16. e5 Nd7 17. Qh5 Nc7 18. f4 f6 19. Nf3 Qe8 20. Qxe8 Raxe8 21. exf6
Nxf6 22. Ne5 a6 23. Be2 b5 24. Ng4 Nxg4 25. Bxg4 Rf6 26. Re5 Kf7 27. Rae1 g6
28. Nb1 h5 29. Bd1 Rf5 30. c3 Re7 31. Nd2 Bc8 32. Nf3 Rxe5 33. Rxe5 Na8 34. Bc2
Kf6 35. Rg5 Rg7 36. Ne5 Bd7 37. Rxg6+ Rxg6 38. Bxg6 Nb6 39. Bxh5 Kf5 40. Bg6+
Kf6 41. Bc2 a5 42. g4 Be8 43. g5+ Kg7 44. Kh2 Nd7 45. Nxd7 Bxd7 46. Kg3 a4 47.
Kh4 Kf7 48. Kh5 Kg7 49. Bg6 Kg8 50. Kh6 Kf8 51. Kh7 Be8 52. Bxe8 Kxe8 53. g6
Ke7 54. g4 Kf8 55. g5 Ke8 56. g7 Ke7 57. g8=Q 1-0

[Event "II Open B"]
[Site "Pedavena ITA"]
[Date "2006.08.01"]
[Round "1"]
[White "Trento, Giacomo"]
[Black "Azzinaro, Luca"]
[Result "1-0"]
[WhiteElo "1552"]
[BlackElo "1404"]
[PlyCount "157"]
[EventDate "2006.08.01"]

1. e4 e6 2. d4 d5 3. Nc3 Nf6 4. Bg5 Be7 5. e5 Nfd7 6. h4 h6 7. Qh5 a6 8. Rh3
Bxg5 9. hxg5 Nc6 10. O-O-O Nf8 11. Qg4 Ng6 12. gxh6 Rxh6 13. Rxh6 gxh6 14. Nh3
Ke7 15. Bd3 Qg8 16. Nf4 Kd7 17. Bxg6 fxg6 18. Qxg6 Qxg6 19. Nxg6 Ke8 20. Ne2
Kf7 21. Nef4 Bd7 22. c3 Rg8 23. Nh4 Ne7 24. Rh1 Kg7 25. Nh5+ Kh8 26. Nf6 Re8
27. Nf3 Kg7 28. Nh2 Bc6 29. Nhg4 Rh8 30. Kd2 Nf5 31. Ne3 Nxe3 32. Kxe3 Bb5 33.
Nh5+ Kf7 34. Rh3 Be8 35. Rg3 Ke7 36. Rg7+ Kf8 37. Rxc7 Bxh5 38. Rxb7 Rg8 39. g3
Rg7 40. Rb8+ Be8 41. Rb6 Re7 42. Rxa6 Kg7 43. b4 Kg6 44. a4 Kf5 45. f3 h5 46.
b5 Rg7 47. g4+ hxg4 48. fxg4+ Rxg4 49. Ra7 Rg3+ 50. Kd2 Rg2+ 51. Ke3 Rb2 52.
Re7 Bg6 53. Rb7 Bh5 54. Rh7 Bd1 55. Rf7+ Kg5 56. Rg7+ Kh6 57. Ra7 Bb3 58. a5
Bc4 59. b6 Rg2 60. b7 Rb2 61. a6 Bxa6 62. Rxa6 Rxb7 63. Rxe6+ Kg5 64. Rd6 Rb5
65. Kd3 Ra5 66. Rc6 Rb5 67. Rc5 Rb6 68. Rxd5 Kf5 69. Rd6 Rxd6 70. exd6 Ke6 71.
Ke4 Kxd6 72. c4 Ke6 73. c5 Ke7 74. d5 Kd7 75. Ke5 Ke7 76. d6+ Kd7 77. c6+ Ke8
78. Ke6 Kd8 79. c7+ 1-0

[Event "II Open B"]
[Site "Pedavena ITA"]
[Date "2006.08.02"]
[Round "2"]
[White "Azzinaro, Luca"]
[Black "De Bortoli, Thomas"]
[Result "1-0"]
[WhiteElo "1404"]
[BlackElo "1458"]
[PlyCount "99"]
[EventDate "2006.08.01"]

1. e4 c5 2. c3 e6 3. d4 d5 4. e5 Nc6 5. Nf3 f6 6. Bb5 Bd7 7. O-O Qb6 8. Ba4 Qc7
9. Bf4 f5 10. Nbd2 h6 11. Nh4 cxd4 12. Qh5+ Kd8 13. Ng6 Be8 14. Qh4+ Be7 15.
Nxe7 Ngxe7 16. Bxc6 Bxc6 17. cxd4 Kd7 18. Qh3 g5 19. Nb3 gxf4 20. Nc5+ Ke8 21.
Qh5+ Ng6 22. Qxg6+ Qf7 23. Qxe6+ Kf8 24. Qxf7+ Kxf7 25. Rfd1 b6 26. Nd3 Ba4 27.
b3 Bc6 28. Nxf4 Rhg8 29. Rdc1 Rac8 30. Rc2 Rc7 31. Nxd5 Rgc8 32. Nf4 Be4 33.
Rc4 h5 34. Rac1 Rxc4 35. Rxc4 Rd8 36. f3 Bb1 37. Ra4 a5 38. d5 Ke7 39. d6+ Ke8
40. b4 Bc2 41. Ra3 a4 42. Rc3 Bd1 43. a3 b5 44. Nxh5 Kf7 45. Kf2 Re8 46. Rc5
Rb8 47. Nf4 Bb3 48. h4 Bc4 49. h5 Rh8 50. Rc7+ 1-0

[Event "II Open B"]
[Site "Pedavena ITA"]
[Date "2006.08.02"]
[Round "2"]
[White "Baschirotto, Marco"]
[Black "Merciari, Moreno"]
[Result "1/2-1/2"]
[WhiteElo "1637"]
[BlackElo "1766"]
[PlyCount "101"]
[EventDate "2006.08.01"]

1. c4 c6 2. g3 Nf6 3. Bg2 d5 4. cxd5 cxd5 5. d4 Bf5 6. Nc3 e6 7. Qb3 Qd7 8. Nf3
Nc6 9. a3 Be7 10. O-O O-O 11. e3 Bd3 12. Re1 Bc4 13. Qd1 b6 14. e4 dxe4 15.
Nxe4 Nxe4 16. Rxe4 Bd5 17. Re1 Bxf3 18. Bxf3 Rad8 19. Bxc6 Qxc6 20. Be3 Bf6 21.
Qg4 Qd5 22. Rad1 Rc8 23. h4 Rc2 24. Bg5 Bxg5 25. Re5 Qd8 26. Rxg5 Qf6 27. Qf4
Qxf4 28. gxf4 Rxb2 29. Rd3 f6 30. Rgg3 Rc2 31. d5 Re8 32. dxe6 Rxe6 33. Rd8+
Kf7 34. Rd7+ Kf8 35. Rgxg7 f5 36. Rdf7+ Ke8 37. Rxf5 Rg6+ 38. Rxg6 hxg6 39.
Re5+ Kf7 40. h5 gxh5 41. Rxh5 Kg6 42. Re5 Rc3 43. Re3 Rc4 44. Re7 Ra4 45. Re3
Rxf4 46. f3 Kf5 47. Kf2 Rc4 48. Kg3 b5 49. Rd3 a6 50. Rb3 Ke5 51. Rd3 1/2-1/2

[Event "II Open B"]
[Site "Pedavena ITA"]
[Date "2006.08.02"]
[Round "2"]
[White "Bisaro, Andrea"]
[Black "Bettini, Alessandro"]
[Result "0-1"]
[WhiteElo "1608"]
[BlackElo "1739"]
[PlyCount "62"]
[EventDate "2006.08.01"]

1. d4 b5 2. e4 Bb7 3. d5 Nf6 4. f3 a6 5. a4 c6 6. dxc6 dxc6 7. Qxd8+ Kxd8 8.
axb5 cxb5 9. Nd2 e6 10. Nb3 Nc6 11. c3 Bd6 12. Be3 Nd7 13. Ne2 Ke7 14. Ned4
Nxd4 15. Bxd4 e5 16. Bf2 Bc7 17. Na5 Rhb8 18. c4 Bxa5+ 19. Rxa5 Bc6 20. c5 Rc8
21. b4 Nb8 22. Bd3 Rd8 23. Ke2 Be8 24. Rha1 Nc6 25. Rxa6 Rxa6 26. Rxa6 Nxb4 27.
Rd6 Rxd6 28. cxd6+ Kxd6 29. Bb1 Nc6 30. Kd3 Bd7 31. Ba2 Nb4+ 0-1

[Event "II Open B"]
[Site "Pedavena ITA"]
[Date "2006.08.02"]
[Round "2"]
[White "Bona, Massimiliano"]
[Black "Magis, Pierre"]
[Result "1-0"]
[WhiteElo "1284"]
[BlackElo "1600"]
[PlyCount "149"]
[EventDate "2006.08.01"]

1. c4 e6 2. g3 d5 3. cxd5 exd5 4. Bg2 Nf6 5. d4 Be7 6. Nc3 c6 7. e3 O-O 8. Nge2
Re8 9. O-O Bf5 10. f3 Bd6 11. h3 h5 12. g4 hxg4 13. hxg4 Bxg4 14. fxg4 Nxg4 15.
Qe1 Nxe3 16. Bxe3 Rxe3 17. Qf2 Qe7 18. Ne4 Rxe2 19. Qxe2 dxe4 20. Qxe4 Nd7 21.
Qxe7 Bxe7 22. Rae1 Kf8 23. d5 cxd5 24. Bxd5 Nf6 25. Bc4 Rd8 26. Rd1 Bc5+ 27.
Kh1 Re8 28. Rfe1 Rc8 29. b3 Be7 30. Re2 Rc5 31. Rde1 Bd6 32. Kg2 g6 33. Rf1
Rg5+ 34. Kf2 Rf5+ 35. Kg2 Rg5+ 36. Kh3 Rg3+ 37. Kh2 Ng4+ 38. Kh1 f5 39. Rd1
Rh3+ 40. Kg2 Rg3+ 41. Kf1 Rf3+ 42. Kg1 Rg3+ 43. Kf1 Be7 44. Rd7 Ne3+ 45. Kf2 f4
46. Rxb7 Bc5 47. Rb8+ Kg7 48. Rb7+ Kh6 49. Ke1 Rg1+ 50. Kd2 Rd1+ 51. Kc3 a5 52.
Rh2+ Kg5 53. Rb5 Rc1+ 54. Kd3 Rd1+ 55. Rd2 Rxd2+ 56. Kxd2 Kg4 57. Rxc5 Nxc4+
58. Rxc4 Kg3 59. b4 axb4 60. Rxb4 f3 61. Rb3 Kg2 62. Rb1 f2 63. a4 f1=Q 64.
Rxf1 Kxf1 65. a5 g5 66. a6 g4 67. a7 g3 68. a8=Q g2 69. Qf8+ Kg1 70. Ke2 Kh2
71. Qh6+ Kg3 72. Qg5+ Kh2 73. Qh4+ Kg1 74. Kf3 Kf1 75. Qf2# 1-0

[Event "II Open B"]
[Site "Pedavena ITA"]
[Date "2006.08.02"]
[Round "2"]
[White "Cocuzzi, Edoardo"]
[Black "Innocenti, Sandro"]
[Result "1-0"]
[WhiteElo "1689"]
[BlackElo "1488"]
[PlyCount "45"]
[EventDate "2006.08.01"]

1. e4 c5 2. Bc4 e6 3. Nc3 Nc6 4. a3 Nf6 5. d3 d5 6. exd5 exd5 7. Ba2 Be6 8. h3
h6 9. Nf3 Bd6 10. O-O O-O 11. Re1 Qd7 12. d4 cxd4 13. Nxd4 Nxd4 14. Qxd4 Be7
15. Bf4 Rfc8 16. Bb3 a6 17. Na4 Qc6 18. Nb6 Bc5 19. Nxc8 Rxc8 20. Qd1 Ne4 21.
Be3 Rd8 22. Bxc5 Qxc5 23. Rxe4 1-0

[Event "II Open B"]
[Site "Pedavena ITA"]
[Date "2006.08.02"]
[Round "2"]
[White "Dal Pra Caputo, Stefano"]
[Black "Dal Broi, Marco"]
[Result "1/2-1/2"]
[WhiteElo "1461"]
[BlackElo "1409"]
[PlyCount "60"]
[EventDate "2006.08.01"]

1. d4 Nf6 2. Nf3 g6 3. c4 Bg7 4. Nc3 d6 5. e4 Nbd7 6. Be2 O-O 7. O-O b6 8. Qc2
e5 9. d5 a5 10. a3 Bb7 11. Bg5 Qc8 12. Nb5 Ba6 13. Rfc1 h6 14. Bd2 Nc5 15. Bd3
Qd7 16. b4 Nxd3 17. Qxd3 Bb7 18. bxa5 bxa5 19. Rab1 Rfd8 20. Nc3 c6 21. Rb6
cxd5 22. cxd5 Rdc8 23. Rcb1 Ra7 24. Be3 Ng4 25. Nd2 Nxe3 26. Qxe3 Ba6 27. Nb5
Bxb5 28. R1xb5 Rac7 29. Rb8 Kh7 30. Rxc8 Qxc8 1/2-1/2

[Event "II Open B"]
[Site "Pedavena ITA"]
[Date "2006.08.02"]
[Round "2"]
[White "De Vettor, Marc"]
[Black "Reginato, Sabrina"]
[Result "1-0"]
[WhiteElo "1700"]
[BlackElo "1517"]
[PlyCount "121"]
[EventDate "2006.08.01"]

1. d4 d5 2. c4 e6 3. Nc3 Nf6 4. Bg5 Nbd7 5. e3 Be7 6. Nf3 O-O 7. cxd5 Nxd5 8.
Bxe7 Qxe7 9. Nxd5 exd5 10. Bd3 Nf6 11. O-O Bg4 12. h3 Bh5 13. g4 Bg6 14. Rc1 c6
15. Qc2 Rad8 16. Rfe1 Rd6 17. Ne5 Nd7 18. Nxg6 fxg6 19. f4 Qh4 20. Kg2 Re6 21.
Qf2 Qe7 22. e4 Ref6 23. f5 gxf5 24. exf5 Qd8 25. Re2 Kh8 26. Rce1 Kg8 27. Qh4
R6f7 28. Qxd8 Rxd8 29. Re8+ Rf8 30. Rxd8 Rxd8 31. Kf3 Kf8 32. Kf4 Kf7 33. g5
Nf8 34. h4 g6 35. Re2 Rc8 36. b4 a6 37. a3 Rd8 38. Kg4 Rd6 39. h5 gxf5+ 40.
Bxf5 Rd8 41. Bxh7 Nxh7 42. g6+ Kf6 43. Rf2+ Ke6 44. gxh7 Rh8 45. Re2+ Kd6 46.
Kf5 Rxh7 47. Kg6 Rh8 48. h6 Rg8+ 49. Kf7 Rg4 50. Re6+ Kc7 51. Rg6 Rxd4 52. h7
Rh4 53. Kg7 Rxh7+ 54. Kxh7 b6 55. Rg1 c5 56. Kg6 Kc6 57. Kf5 d4 58. Ke4 a5 59.
bxa5 bxa5 60. Rb1 Kd6 61. Rb5 1-0

[Event "II Open B"]
[Site "Pedavena ITA"]
[Date "2006.08.02"]
[Round "2"]
[White "Delle Fave, Fabio"]
[Black "Trento, Giacomo"]
[Result "0-1"]
[WhiteElo "1747"]
[BlackElo "1552"]
[PlyCount "138"]
[EventDate "2006.08.01"]

1. d4 Nf6 2. c4 e5 3. e3 exd4 4. exd4 Bb4+ 5. Bd2 Qe7+ 6. Qe2 O-O 7. Qxe7 Bxe7
8. Bd3 d5 9. Nf3 dxc4 10. Bxc4 Bf5 11. Nc3 c6 12. O-O Rd8 13. Be3 Nd5 14. Nxd5
cxd5 15. Be2 Nc6 16. a3 Bf6 17. Bb5 Rab8 18. Bxc6 bxc6 19. b4 Re8 20. Rac1 Bd3
21. Rfe1 Bb5 22. Bf4 Ra8 23. Rxe8+ Rxe8 24. Be5 Bd8 25. Re1 f6 26. Bd6 Rxe1+
27. Nxe1 a5 28. Nc2 Ba4 29. Ne3 axb4 30. axb4 g6 31. g4 Kf7 32. Kg2 Ke6 33. Bc5
Bc7 34. h4 h5 35. Kf3 hxg4+ 36. Kxg4 Bb5 37. Kf3 Bd3 38. Kg2 Be2 39. f3 Bf4 40.
Kf2 Ba6 41. Bf8 Kf7 42. Bc5 Kg7 43. Be7 Kf7 44. Bc5 Bh6 45. Bd6 Ke6 46. Bc5 Bb5
47. Bb6 f5 48. Bc5 Bg7 49. Ng2 Bh6 50. f4 Bd3 51. Ke3 Be4 52. Ne1 Kf7 53. Nf3
Bxf3 54. Kxf3 Bg7 55. Bb6 Bf6 56. Kg3 Kg7 57. Bc5 Kh6 58. Bf8+ Kh5 59. Bc5
Bxh4+ 60. Kf3 Bd8 61. Bd6 Bb6 62. Be5 Bd8 63. Bd6 Kh4 64. Be5 Be7 65. Ke3 Bxb4
66. Kd3 Kg4 67. Kc2 Kf3 68. Kd3 Be1 69. Bd6 Bg3 0-1

[Event "II Open B"]
[Site "Pedavena ITA"]
[Date "2006.08.02"]
[Round "2"]
[White "Endrizzi, Matteo"]
[Black "Pavei, Deborah"]
[Result "1-0"]
[WhiteElo "1446"]
[BlackElo "1395"]
[PlyCount "53"]
[EventDate "2006.08.01"]

1. e4 c5 2. Nc3 d6 3. Nf3 Nc6 4. Bc4 Nf6 5. d3 e6 6. Bg5 Be7 7. Qd2 d5 8. exd5
exd5 9. Bxf6 dxc4 10. Bxe7 Qxe7+ 11. Qe3 cxd3 12. Nd5 Qxe3+ 13. fxe3 dxc2 14.
Nc7+ Kf8 15. Nxa8 Nb4 16. O-O Bf5 17. Ne5 g5 18. g4 Be4 19. Rxf7+ Kg8 20. Rff1
Kg7 21. Nc7 Bd5 22. Nxd5 Nxd5 23. Rac1 Nxe3 24. Rfe1 Rd8 25. Kf2 Nd1+ 26. Ke2
Nxb2 27. Rxc2 {...} 1-0

[Event "II Open B"]
[Site "Pedavena ITA"]
[Date "2006.08.02"]
[Round "2"]
[White "Giorgiutti, Jacopo"]
[Black "Bortolotto, Denzio"]
[Result "0-1"]
[WhiteElo "1413"]
[BlackElo "1461"]
[PlyCount "64"]
[EventDate "2006.08.01"]

1. e4 c5 2. Nf3 d6 3. d4 cxd4 4. Nxd4 Nf6 5. Na3 a6 6. b3 e6 7. Bb2 Be7 8. Be2
O-O 9. O-O Nc6 10. Nf3 b5 11. Re1 b4 12. e5 dxe5 13. Qxd8 Rxd8 14. Nc4 Nd4 15.
Nxd4 exd4 16. Rad1 e5 17. Bf3 e4 18. Bxe4 Nxe4 19. Rxe4 Bf6 20. Bxd4 Bf5 21.
Rf4 Bxc2 22. Rd2 Bg5 23. Rg4 Bxd2 24. Rxg7+ Kf8 25. Rg4 Bg6 26. Bc5+ Kg8 27.
Nb6 h5 28. Rc4 Rab8 29. Be7 Re8 30. Nd5 Rbd8 31. Nf6+ Kg7 32. Nxe8+ Rxe8 0-1

[Event "II Open B"]
[Site "Pedavena ITA"]
[Date "2006.08.02"]
[Round "2"]
[White "Puricelli, Roberto"]
[Black "Buzzatti, Matteo"]
[Result "1-0"]
[WhiteElo "1389"]
[BlackElo "1473"]
[PlyCount "115"]
[EventDate "2006.08.01"]

1. d4 d6 2. Bf4 Nc6 3. e3 e5 4. dxe5 dxe5 5. Qxd8+ Nxd8 6. Bxe5 c6 7. Nf3 f6 8.
Bg3 Ne6 9. Bc4 Nh6 10. h3 Nf5 11. Bh2 Bd6 12. Nc3 Bxh2 13. Nxh2 Nd6 14. Bb3 Nc5
15. Rd1 Ke7 16. O-O b5 17. Ne2 Ba6 18. Nd4 Rac8 19. Rfe1 g6 20. Nhf3 Bb7 21. a3
Nxb3 22. Nxb3 c5 23. Nfd2 c4 24. Nd4 a6 25. c3 Ne4 26. Nxe4 Bxe4 27. f3 Bd3 28.
e4 Kd6 29. Ne2 Kc7 30. Nf4 Rhe8 31. Nd5+ Kb7 32. Nxf6 Re7 33. Nd5 Re6 34. Nb4
Rd8 35. Nxd3 Rxd3 36. Rxd3 cxd3 37. Rd1 Rd6 38. Kf2 Kc6 39. Ke3 d2 40. Rxd2
Rxd2 41. Kxd2 Kd6 42. Ke3 Kc5 43. Kd3 a5 44. b4+ Kb6 45. Kd4 axb4 46. axb4 Kc6
47. c4 bxc4 48. Kxc4 h6 49. f4 Kd6 50. b5 g5 51. e5+ Ke6 52. fxg5 hxg5 53. Kc5
Kxe5 54. b6 Kf4 55. b7 Kg3 56. b8=Q+ Kxg2 57. Qh8 g4 58. hxg4 1-0

[Event "II Open B"]
[Site "Pedavena ITA"]
[Date "2006.08.02"]
[Round "2"]
[White "Sanavio, Giancarlo"]
[Black "De Vettor, Maite"]
[Result "1/2-1/2"]
[WhiteElo "1799"]
[BlackElo "1500"]
[PlyCount "120"]
[EventDate "2006.08.01"]

1. Nf3 d5 2. c4 e6 3. g3 Nf6 4. Bg2 c5 5. d4 dxc4 6. Qa4+ Bd7 7. Qxc4 Nc6 8.
O-O Na5 9. Qd3 a6 10. Nc3 Nd5 11. Nxd5 exd5 12. dxc5 Bb5 13. Qc2 Rc8 14. b4 Nc6
15. Qb2 Be7 16. Rb1 Bf6 17. Qc2 O-O 18. a3 Re8 19. Re1 Re4 20. Bb2 Bxb2 21.
Rxb2 Rc4 22. Qd2 Qf6 23. Rc2 Rxc2 24. Qxc2 a5 25. bxa5 Nxa5 26. Qd2 Nb3 27.
Qxd5 Nxc5 28. Nd4 Ba6 29. Rc1 b6 30. e3 g6 31. Qa2 Kg7 32. a4 Nd3 33. Rxc8 Bxc8
34. Qc2 Ba6 35. Nb5 Bxb5 36. axb5 Qa1+ 37. Bf1 Ne5 38. Kg2 Qe1 39. Qe4 Qa1 40.
Qd4 Qxd4 41. exd4 Nd7 42. Kf3 f5 43. Ke3 Nf6 44. Bc4 Ng4+ 45. Ke2 Kf6 46. h3
Nh6 47. f4 Nf7 48. g4 Nd6 49. Bd3 fxg4 50. hxg4 Ke6 51. Ke3 Kd5 52. f5 gxf5 53.
gxf5 h5 54. Kf4 Kxd4 55. Be2 h4 56. Bg4 Nxb5 57. Kg5 Nd6 58. f6 Ne4+ 59. Kg6
Nxf6 60. Kxf6 b5 1/2-1/2

[Event "II Open B"]
[Site "Pedavena ITA"]
[Date "2006.08.02"]
[Round "2"]
[White "Scian, Nicola"]
[Black "Tavecchia, Mario"]
[Result "1/2-1/2"]
[WhiteElo "1524"]
[BlackElo "1724"]
[PlyCount "91"]
[EventDate "2006.08.01"]

1. e4 d5 2. exd5 Qxd5 3. Nc3 Qa5 4. g3 Nf6 5. Bg2 c6 6. d4 Bg4 7. Nge2 e6 8.
O-O Bd6 9. Qe1 Qc7 10. a4 a5 11. Bg5 Nbd7 12. Nc1 O-O 13. Nd3 h6 14. Bf4 Bf5
15. Bxd6 Qxd6 16. Qe3 Ng4 17. Qf4 Qxf4 18. gxf4 Bxd3 19. cxd3 Nb6 20. Bh3 h5
21. Ra3 Nd7 22. Rb3 Rfb8 23. Kg2 Ra6 24. Ra1 f5 25. Nd1 Rb6 26. Raa3 Kf7 27.
Ne3 Nxe3+ 28. fxe3 Rxb3 29. Rxb3 Nf6 30. Kg3 g6 31. Bg2 Nd5 32. Bxd5 exd5 33.
Rb6 Kf6 34. h4 Ke6 35. b4 axb4 36. Rxb4 Kd6 37. Kf3 Kc7 38. e4 dxe4+ 39. dxe4
fxe4+ 40. Kxe4 b5 41. axb5 Rxb5 42. Ra4 Kd6 43. Ra7 Rb1 44. Rg7 Rg1 45. Rg8 Rg4
46. Rg7 1/2-1/2

[Event "II Open B"]
[Site "Pedavena ITA"]
[Date "2006.08.02"]
[Round "2"]
[White "Vigliaroli, Matteo"]
[Black "Dalle Case, Rossano"]
[Result "1-0"]
[WhiteElo "1463"]
[BlackElo "1434"]
[PlyCount "63"]
[EventDate "2006.08.01"]

1. e4 Nf6 2. e5 Nd5 3. d4 d6 4. Nf3 Bg4 5. Bc4 Nb6 6. Bxf7+ Kd7 7. Bb3 Qe8 8.
Qd3 Bxf3 9. Qxf3 Kc8 10. O-O Nc6 11. Bf4 Nxd4 12. Qg4+ Kb8 13. exd6 exd6 14.
Nd2 a6 15. Rfe1 Qc6 16. c3 Nxb3 17. Nxb3 Nc4 18. Qe2 Ka7 19. Nd4 Qc5 20. Rad1
Nb6 21. Qf3 Qd5 22. Qe3 g6 23. a4 Kb8 24. b3 h6 25. h3 g5 26. Qe8+ Nc8 27. Be3
Bg7 28. Qd7 Bxd4 29. Bxd4 Qg8 30. Bxh8 Qxh8 31. Re8 Qxc3 32. Qxc8+ 1-0

[Event "II Open B"]
[Site "Pedavena ITA"]
[Date "2006.08.02"]
[Round "3"]
[White "Bettini, Alessandro"]
[Black "Cocuzzi, Edoardo"]
[Result "1/2-1/2"]
[WhiteElo "1739"]
[BlackElo "1689"]
[PlyCount "215"]
[EventDate "2006.08.01"]

1. c4 e5 2. Nc3 a6 3. g3 Bc5 4. Bg2 f5 5. e3 Nc6 6. Nge2 e4 7. Nf4 Nf6 8. d4
Bd6 9. a3 Bxf4 10. exf4 O-O 11. d5 Na7 12. Be3 d6 13. b4 Bd7 14. a4 Nc8 15. c5
dxc5 16. bxc5 b6 17. Qb3 Kh8 18. Rd1 Qe7 19. c6 Be8 20. Bc1 Bf7 21. Ba3 Nd6 22.
O-O Rfd8 23. Rfe1 Qe8 24. Rd4 Qxc6 25. dxc6 Bxb3 26. Rb1 Bc2 27. Rb2 Bd3 28.
Bxd6 Rxd6 29. Rxd6 cxd6 30. Rxb6 Rc8 31. Bf1 Bxf1 32. Kxf1 a5 33. Ra6 g6 34.
Nb5 d5 35. Nd4 Ne8 36. Rxa5 Nc7 37. Ra7 Kg8 38. Nb5 Ne6 39. Re7 Rxc6 40. a5 d4
41. Rd7 d3 42. Rd6 Rc1+ 43. Kg2 Nc5 44. a6 Nxa6 45. Rxa6 d2 46. Rd6 d1=Q 47.
Rxd1 Rxd1 48. Na3 Rd2 49. Nc4 Rc2 50. Ne3 Ra2 51. h4 h5 52. Kf1 Kf7 53. Nc4 Rc2
54. Ne5+ Kg7 55. Kg1 Rc5 56. Nd7 Rc1+ 57. Kg2 Re1 58. Ne5 e3 59. fxe3 Rxe3 60.
Nc4 Rc3 61. Ne5 Rc2+ 62. Kf3 Ra2 63. Ke3 Ra4 64. Kf3 Re4 65. Nd7 Kf7 66. Nc5
Rc4 67. Nd7 Ra4 68. Ne5+ Kg7 69. Nd7 Ra6 70. Ne5 Kf6 71. Nd7+ Ke7 72. Ne5 Kd8
73. Ke3 Kc8 74. Kf3 Kb7 75. Ke3 Rb6 76. Nd7 Re6+ 77. Ne5 Kb6 78. Kf3 Kb5 79.
Nf7 Kb4 80. Ne5 Kc3 81. Ke3 Kc2 82. Ke2 Re7 83. Kf2 Re6 84. Ke2 Rd6 85. Kf3 Kd1
86. Kf2 Ra6 87. Kf1 Ra3 88. Kf2 Ra2+ 89. Kf1 Ra6 90. Kf2 Kd2 91. Nf7 Kd3 92.
Kf3 Kd4 93. Kf2 Ra7 94. Ng5 Re7 95. Nf3+ Ke4 96. Ng5+ Kd3 97. Kf3 Re2 98. Nf7
Re3+ 99. Kf2 Kd4 100. Ng5 Ra3 101. Nf7 Ra7 102. Ng5 Re7 103. Kf3 Re4 104. Kf2
Kd3 105. Kf3 Re3+ 106. Kf2 Kd2 107. Nf7 Re7 108. Ng5 1/2-1/2

[Event "II Open B"]
[Site "Pedavena ITA"]
[Date "2006.08.02"]
[Round "3"]
[White "Bortolotto, Denzio"]
[Black "Bisaro, Andrea"]
[Result "1-0"]
[WhiteElo "1461"]
[BlackElo "1608"]
[PlyCount "74"]
[EventDate "2006.08.01"]

1. e4 g6 2. d4 Bg7 3. Nf3 c5 4. Be3 cxd4 5. Bxd4 Nf6 6. Nc3 Nc6 7. Bc4 Nxd4 8.
Nxd4 O-O 9. e5 Ne8 10. Nf3 Qa5 11. Qd5 Qxd5 12. Nxd5 e6 13. Ne7+ Kh8 14. O-O-O
f6 15. h4 Rf7 16. Nxc8 Rxc8 17. Bb3 h6 18. exf6 Bxf6 19. Ng5 Re7 20. Ne4 d5 21.
Nxf6 Nxf6 22. Rhe1 Rcc7 23. f3 Kg7 24. g4 Kf7 25. c3 Nd7 26. Bc2 Kf6 27. f4 Rc4
28. g5+ hxg5 29. hxg5+ Kf7 30. Rd4 Nb6 31. Rh1 Nd7 32. Rh7+ Ke8 33. Bxg6+ Kd8
34. Rxc4 dxc4 35. Kd2 Rxh7 36. Bxh7 Nf8 37. Bc2 37... Nd7 {...} 1-0

[Event "II Open B"]
[Site "Pedavena ITA"]
[Date "2006.08.02"]
[Round "3"]
[White "Busi, Piero"]
[Black "Dal Pra Caputo, Stefano"]
[Result "0-1"]
[WhiteElo "1335"]
[BlackElo "1461"]
[PlyCount "48"]
[EventDate "2006.08.01"]

1. d4 d5 2. e3 Nf6 3. c3 Bf5 4. Nd2 e6 5. Ngf3 Bd6 6. Nh4 Bg6 7. Nxg6 hxg6 8.
Nf3 Nbd7 9. Bd3 c5 10. dxc5 Nxc5 11. O-O Qc7 12. g3 Nfe4 13. Kg2 g5 14. b4 Nxc3
15. Qd2 N5e4 16. Bxe4 Nxe4 17. Qe1 Qd7 18. Rh1 g4 19. Nd4 e5 20. Ne2 Qf5 21.
Kg1 Bxb4 22. Qf1 Ng5 23. Qg2 Rc8 24. Qxd5 Nh3+ 0-1